000 00309nam a22001217a 4500
008 230620b xxu||||| |||| 00| 0 eng d
082 _a327.1
_bCOM
100 _cCOMMONWEALTH SECRETARIAT
245 _aVulnerability
_bSmall States in the Global Society
260 _aLondon
300 _a126p
942 _2ddc
_cBK
999 _c1918
_d1918